[Event "Athens m"]
[Site "Athens"]
[Date "1991.??.??"]
[Round "2"]
[White "Grivas, Efstratios"]
[Black "Nunn, John DM"]
[Result "1-0"]
[WhiteElo "2425"]
[BlackElo "2600"]

1.d4 Nf6 2.c4 g6 3.Nc3 Bg7 4.e4 d6 5.h3 Nbd7 6.Be3 e5 7.d5 Nc5 8.Qc2 O-O
9.g4 c6 10.Nge2 cxd5 11.cxd5 Bd7 12.Ng3 Rc8 13.g5 Nh5 14.Nxh5 gxh5 15.Qd2 Qa5
16.Rb1 Qb4 17.a3 Qb3 18.Be2 f5 19.gxf6 Rxf6 20.Bxh5 Na4 21.Bd1 Qc4 22.Be2 Qb3
23.Nxa4 Qxa4 24.Bd3 Rf3 25.Rg1 Kh8 26.Rc1 Rxh3 27.Rxc8+ Bxc8 28.Qc3 Qd7 29.Kd2 Qd8
30.Rc1 Bg4 31.Qc7 Bf6 32.Be2 Qxc7 33.Rxc7 Bxe2 34.Kxe2 h5 35.Rxb7 Rh1 36.Kf3 Rg1
37.Rc7 Bg5 38.Bxg5 Rxg5 39.Rf7 Rg1 40.Rf5 Kg7 41.Rxh5 Rb1 42.Kg4 Kg6 43.Rh8 Rxb2
44.f4 Rg2+ 45.Kf3 Ra2 46.fxe5 dxe5 47.Re8 Rxa3+ 48.Kg4 Ra6 49.Rxe5 Kf7 50.Rh5 Rg6+
51.Kf5  1-0

[Event "Athens m"]
[Site "Athens"]
[Date "1991.??.??"]
[Round "3"]
[White "Nunn, John DM"]
[Black "Grivas, Efstratios"]
[Result "1/2-1/2"]
[WhiteElo "2600"]
[BlackElo "2425"]

1.e4 c5 2.Nf3 Nc6 3.d4 cxd4 4.Nxd4 Qb6 5.Nb3 Nf6 6.Nc3 e6 7.Be3 Qc7 8.f3 Bb4
9.Qd2 d5 10.a3 Bxc3 11.Qxc3 dxe4 12.fxe4 O-O 13.Bd3 Qe5 14.Bd2 Qh5 15.O-O Ng4
16.Bf4 Nge5 17.Bb5 Rd8 18.Rae1 f6 19.Be2 Qf7 20.Rd1 Bd7 21.Nc5 Be8 22.Qb3 Rxd1
23.Rxd1 b6 24.Nxe6 Na5 25.Qd5 Bc6 26.Qd6 Nb7 27.Qb4 Qxe6 28.Bxe5 Kh8 29.Bg3 Bxe4
30.Re1 f5 31.Bf3 Nc5 32.Qd4 Qg6 33.b4 Bxf3 34.gxf3 Ne6 35.Qd5 Re8 36.Kh1 f4
37.Bf2 Nf8 38.Rg1 Qe6 39.Qb7 Qe7 40.Qc6 Qf7 41.Bd4 Ng6 42.c4 Ne5 43.Qe4 Ng6
44.Qd3 Kg8 45.Bb2 Qb7 46.Rf1 Re3 47.Qd8+ Nf8  1/2-1/2

[Event "Belgrade Invest"]
[Site "Belgrade"]
[Date "1991.??.??"]
[Round "?"]
[White "Nunn, John DM"]
[Black "Beliavsky, Alexander G"]
[Result "1-0"]
[WhiteElo "2610"]
[BlackElo "2655"]

1.e4 e5 2.Nf3 Nc6 3.Nc3 g6 4.d4 exd4 5.Nxd4 Bg7 6.Be3 Nge7 7.Qd2 d5 8.Nxc6 bxc6
9.O-O-O Be6 10.Bd4 O-O 11.Bxg7 Kxg7 12.Qd4+ f6 13.Qc5 Qd7 14.Bc4 Rad8 15.Qxa7 Qd6
16.Bb3 Bf7 17.exd5 cxd5 18.Nb5 Qf4+ 19.Kb1 Rd7 20.Qc5 Nf5 21.g3 Qf3 22.Nxc7 Rfd8
23.Rhe1 Re7 24.c3 Rdd7 25.Nb5 Rxe1 26.Rxe1 d4 27.Bxf7 Qxf2 28.Rc1 Kxf7 29.g4 Ne3
30.cxd4 Nxg4 31.Nd6+ Kg7 32.Qc8 Rxd6 33.Qc7+ Kh6 34.Qxd6 Ne3 35.a4 g5 36.Qf8+ Kg6
37.Qg8+ Kh6 38.Qe6 Qf4 39.Rc3 Nf1 40.Rh3+  1-0

[Event "Belgrade Invest"]
[Site "Belgrade"]
[Date "1991.??.??"]
[Round "?"]
[White "Nunn, John DM"]
[Black "Jussupow, Artur"]
[Result "1-0"]
[WhiteElo "2610"]
[BlackElo "2625"]

1.e4 e6 2.d4 d5 3.Nc3 Bb4 4.e5 c5 5.a3 Bxc3+ 6.bxc3 Ne7 7.Nf3 Nbc6 8.a4 Qa5
9.Bd2 Bd7 10.Bb5 Qc7 11.O-O O-O 12.Bc1 b6 13.Ba3 Na5 14.dxc5 Bxb5 15.cxb6 axb6
16.axb5 Rfc8 17.Bb4 Nc4 18.Rxa8 Rxa8 19.Re1 Ng6 20.Bd6 Nxd6 21.exd6 Qxd6
22.c4 Qc5 23.cxd5 Rd8 24.Qe2 Rxd5 25.c4 Rd8 26.Qe4 h6 27.h3 Qd6 28.Qe3 Rc8
29.Rc1 Nf4 30.Ne5 Rc5 31.Re1 Nh5 32.Qe4 f5 33.Qa8+ Kh7 34.Nf7 Qd7 35.Ne5 Qc7
36.Qa1 Nf6 37.Qd4 Ne4 38.Nc6 Qd6 39.Rxe4  1-0

[Event "Belgrade Invest"]
[Site "Belgrade"]
[Date "1991.??.??"]
[Round "?"]
[White "Seirawan, Yasser"]
[Black "Nunn, John DM"]
[Result "1/2-1/2"]
[WhiteElo "2615"]
[BlackElo "2610"]

1.d4 Nf6 2.c4 g6 3.g3 c6 4.Bg2 d5 5.cxd5 cxd5 6.Nf3 Bg7 7.O-O O-O 8.Ne5 e6
9.Nc3 Nfd7 10.f4 f6 11.Nd3 Nc6 12.Be3 Nb6 13.Bf2 Nc4 14.Rc1 Nd6 15.g4 Kh8
16.e3 Bd7 17.Qe2 Rc8 18.Kh1 Qe7  1/2-1/2

[Event "Belgrade Invest"]
[Site "Belgrade"]
[Date "1991.??.??"]
[Round "?"]
[White "Sokolov, Ivan"]
[Black "Nunn, John DM"]
[Result "1/2-1/2"]
[WhiteElo "2570"]
[BlackElo "2610"]

1.d4 Nf6 2.c4 g6 3.Nc3 Bg7 4.e4 d6 5.f3 O-O 6.Nge2 a6 7.Be3 c6 8.a4 a5 9.Qd2 Na6
10.Rd1 Qc7 11.Nc1 e5 12.Be2 Nh5 13.d5 c5 14.Bd3 Nb4 15.Bb1 f5 16.exf5 gxf5
17.O-O Kh8 18.N1e2 Qe7 19.Ng3 Nxg3 20.hxg3  1/2-1/2

[Event "Belgrade Invest"]
[Site "Belgrade"]
[Date "1991.??.??"]
[Round "?"]
[White "Lautier, Joel"]
[Black "Nunn, John DM"]
[Result "1/2-1/2"]
[WhiteElo "2560"]
[BlackElo "2610"]

1.d4 Nf6 2.c4 g6 3.Nc3 Bg7 4.e4 d6 5.f3 O-O 6.Be3 c5 7.dxc5 dxc5 8.e5 Nfd7
9.f4 f6 10.exf6 exf6 11.Nf3 Qe8 12.Qd2 Nb6 13.Be2 Na6 14.Rd1 Bf5 15.O-O Rd8
16.Qc1 Qe7 17.a3 Nc7 18.Rfe1 Rfe8 19.Rxd8 Rxd8 20.Bf1 Be6 21.Ne4 Nd7 22.Bf2 Qf8
23.g3 Kh8 24.h4 b6 25.Bg2 h5 26.b3 Bf5 27.Nc3 Nb8 28.Nd2 Ne6 29.Nd5 Qd6 30.Nf1 Nc6
31.Nfe3 Bg4 32.Nxg4 hxg4 33.h5 f5 34.hxg6 Ned4 35.Re3 Qxg6 36.b4 Re8 37.Kf1 Re6
38.Qb1 Rxe3 39.Nxe3 Bf8 40.Be1 Qe6 41.Kf2 cxb4 42.Bd5 Qe8 43.axb4 Bxb4 44.Bxb4 Nxb4
45.Qd1 Nbc6 46.Bxc6 Nxc6 47.Nxf5 Qg6 48.Qh1+ Kg8 49.Qd5+ Kf8 50.Ke3 a5 51.Nd6 Nb4
52.Qa8+ Ke7 53.Ne4 Qc6 54.Qa7+ Kd8 55.Qb8+ Kd7 56.Qa7+ Kd8 57.Qb8+ Kd7 58.Qg8 Qe6
59.Qh7+ Kc6 60.Kd4 a4 61.Qa7 Qd7+ 62.Qxd7+ Kxd7 63.Kc3 a3 64.Nf2 Ke6 65.Nxg4 Nd3
66.Kb3 Nc1+ 67.Kxa3 Ne2 68.Ne3 Nxg3 69.Ka4 Ne4 70.Kb4 Kf6 71.Kb3 Ke6 72.Kb4 Kf6
73.Kb3 Ke6 74.Kc2 Kd6 75.Kd3 Ng3 76.Ng4 b5 77.cxb5 Kc5 78.Nh6 Kxb5 79.Ke3 Kc6
80.Kf3 Nh5 81.f5 Kd7 82.Kg4 Ng7 83.f6 Ne8 84.f7 Ke7 85.fxe8=Q+  1/2-1/2

[Event "Belgrade Invest"]
[Site "Belgrade"]
[Date "1991.??.??"]
[Round "?"]
[White "Gelfand, Boris"]
[Black "Nunn, John DM"]
[Result "1/2-1/2"]
[WhiteElo "2665"]
[BlackElo "2610"]

1.d4 Nf6 2.c4 g6 3.Nc3 Bg7 4.e4 d6 5.Nf3 O-O 6.Be2 e5 7.Be3 h6 8.O-O Ng4
9.Bc1 Nc6 10.d5 Ne7 11.Nd2 f5 12.Bxg4 fxg4 13.b4 a5 14.bxa5 Rxa5 15.Nb3 Ra6
16.c5 g5 17.Be3 Ng6 18.a4 Nf4 19.a5 Bd7 20.Nd2 dxc5 21.Bxc5 Rf7 22.Qb3 Bc8
23.Nc4 h5 24.Nb5 Rh6 25.d6 c6 26.Na7 Be6 27.a6 bxa6 28.Nxc6 Qa8 29.Ne7+ Kh7
30.Qc2 h4 31.Rfd1 Qe8 32.Nb6 g3 33.Nf5 gxf2+ 34.Bxf2 Rhf6 35.Be3 Bf8 36.Bxf4 exf4
37.Nd5 Bxf5 38.Nxf6+ Rxf6 39.exf5 Bxd6 40.Kh1 h3 41.Rxa6 Qe3 42.Rf1 g4 43.Ra4 hxg2+
44.Qxg2 Qd3 45.Rg1 Bc5 46.Rxf4 Bxg1 47.Rxg4 Qxf5 48.Rh4+ Rh6 49.Qb7+ Kg8
50.Qb8+ Kg7 51.Qc7+ Kg8 52.Qd8+ Kf7 53.Qc7+ Kg8 54.Qb8+ Kg7 55.Qb7+ Kg8 56.Rxh6 Be3
57.Qb8+ Kf7 58.Qc7+ Kg8 59.Qd8+ Kf7 60.Qc7+ Kg8  1/2-1/2

[Event "Dortmund-A"]
[Site "Dortmund"]
[Date "1991.??.??"]
[Round "1"]
[White "Uhlmann, Wolfgang"]
[Black "Nunn, John DM"]
[Result "1/2-1/2"]
[WhiteElo "2510"]
[BlackElo "2600"]

1.c4 g6 2.e4 Bg7 3.d4 d6 4.Nc3 Nf6 5.Be2 O-O 6.Bg5 Na6 7.Nf3 h6 8.Bf4 e5
9.dxe5 Nh5 10.Be3 dxe5 11.Qc1 Kh7 12.O-O c6 13.c5 Qe7 14.Nd2 Nf4 15.Bxa6 bxa6
16.Nc4 Qe6 17.Bxf4 exf4 18.Nd6 Be5 19.Rd1 f3 20.Qe3 fxg2 21.f4 Bg7 22.Rd2 Rb8
23.Re1 Rb4 24.a3 Rb3 25.Rxg2 Qe7 26.e5 Be6 27.Qg3 Qd7 28.Qh4 Rfb8 29.Ree2 Bh3
30.Rg3 Bf5 31.Rgg2 Qe6 32.Nce4 Bxe4 33.Nxe4 Qd5 34.h3 Rd3 35.Kh2 Rbb3 36.Nc3 Qe6
37.Rd2 Rxd2 38.Rxd2 g5 39.fxg5 Qxe5+ 40.Kg2 Qxg5+ 41.Qxg5 hxg5 42.Nd1 Be5
43.Rd7 Kg6 44.Rxa7 Rg3+ 45.Kf1 Rxh3 46.Rxa6 Rh1+ 47.Ke2 Rh2+ 48.Kf3 f5 49.Rxc6+ Kh5
50.Re6 g4+ 51.Ke3 Bg3 52.Re8 Rc2 53.b4 Ra2 54.c6 Rxa3+ 55.Kd4 Bf4 56.Nc3 g3
57.Nd5 Bd6 58.Rg8 Rb3 59.c7 Bxc7 60.Nxc7 Rxb4+  1/2-1/2

[Event "Dortmund-A"]
[Site "Dortmund"]
[Date "1991.??.??"]
[Round "2"]
[White "Nunn, John DM"]
[Black "Schmittdiel, Eckhard"]
[Result "1-0"]
[WhiteElo "2600"]
[BlackElo "2485"]

1.e4 e6 2.d4 d5 3.e5 c5 4.c3 Nc6 5.Nf3 Qb6 6.Be2 cxd4 7.cxd4 Nh6 8.Nc3 Nf5
9.Na4 Qa5+ 10.Bd2 Bb4 11.Bc3 b5 12.a3 Bxc3+ 13.Nxc3 b4 14.axb4 Qxb4 15.Bb5 Bd7
16.Bxc6 Bxc6 17.Qd2 Bb5 18.Nxb5 Qxb5 19.Ra5 Qb6 20.O-O O-O 21.Rc1 Rab8 22.Rc2 h6
23.Rac5 Rb7 24.g4 Ne7 25.h4 Rfb8 26.h5 Qd8 27.Qc1 Qf8 28.g5 Kh7 29.Qf4 Nf5
30.Rc7 Qd8 31.Qc1 Rb3 32.Rc8 Rxc8 33.Rxc8 Qa5 34.Qc6 Qa1+ 35.Kg2 Nh4+ 36.Nxh4  1-0

[Event "Dortmund-A"]
[Site "Dortmund"]
[Date "1991.??.??"]
[Round "3"]
[White "Georgiev, Kiril"]
[Black "Nunn, John DM"]
[Result "1/2-1/2"]
[WhiteElo "2585"]
[BlackElo "2600"]

1.d4 Nf6 2.c4 g6 3.Nf3 Bg7 4.g3 c6 5.Bg2 d5 6.cxd5 cxd5 7.O-O O-O 8.Nc3 e6
9.Bf4 Nc6 10.Ne5 Nxe5 11.Bxe5 Bd7 12.Qd2 Bc6 13.b4 Qe7 14.b5 Bd7 15.Qb2 Rfc8
16.e3 Be8 17.Rfc1 Bh6 18.Bxf6 Qxf6 19.a4 Qd8 20.a5 b6 21.axb6 axb6 22.Ra6 Rc7  1/2-1/2

[Event "Dortmund-A"]
[Site "Dortmund"]
[Date "1991.??.??"]
[Round "4"]
[White "Nunn, John DM"]
[Black "Stohl, Igor"]
[Result "0-1"]
[WhiteElo "2600"]
[BlackElo "2550"]

1.e4 c5 2.Nf3 d6 3.d4 cxd4 4.Nxd4 Nf6 5.Nc3 a6 6.Be3 e6 7.f3 b5 8.g4 h6 9.Qd2 Nbd7
10.O-O-O Bb7 11.h4 b4 12.Nce2 d5 13.Ng3 e5 14.Nb3 d4 15.Bf2 Qc7 16.Bh3 g5
17.Bf1 Rg8 18.Kb1 a5 19.Bd3 a4 20.Nc1 a3 21.b3 Qc3 22.Qxc3 bxc3 23.Nf5 Bc6
24.Ne2 Nc5 25.Bc4 Nfd7 26.hxg5 hxg5 27.Rh7 Ne6 28.Rdh1 Nb6 29.Bd3 Nc5 30.Nc1 Bd7
31.Be2 Bxf5 32.gxf5 Bg7 33.R1h5 Bf6 34.R5h6 Ke7 35.Nd3 Nxd3 36.Bxd3 Rh8 37.Kc1 Rxh7
38.Rxh7 Rh8 39.Rxh8 Bxh8 40.Kd1 Nd7 41.Ke2 Nb8 42.Bb5 Kd6 43.b4 Nc6 44.Bc4 Nxb4
45.Kd1 Ke7 46.Bg3 f6 47.Be1 Bg7 48.Bb3 Bh6 49.Bf2 Na6 50.Bd5 Nc5 51.Bg1 Na4
52.Bb3 Nb2+ 53.Ke2 Kd6 54.Bf2 Kc5 55.Be1 Kb4 56.Bf2 Na4 57.Bd5 Nc5 58.Kd1 Bf8
59.Bg1 Na4 60.Bf2 Bc5 61.Be1 Bb6 62.Ke2 Nc5 63.Bf2 Na6 64.Be1 Kb5 65.Kd1 Nb4
66.Bb3 d3 67.Bxc3 dxc2+ 68.Bxc2 Nxa2 69.Bd3+ Kc5 70.Be1 Nb4 71.Bb1 Kc4 72.Bxb4 Kxb4
73.Kc2 Kc4 74.Ba2+ Kd4 75.Bf7 g4 76.fxg4 Kxe4  0-1

[Event "Dortmund-A"]
[Site "Dortmund"]
[Date "1991.??.??"]
[Round "5"]
[White "Kindermann, Stefan"]
[Black "Nunn, John DM"]
[Result "1-0"]
[WhiteElo "2515"]
[BlackElo "2600"]

1.e4 e5 2.Nf3 Nc6 3.Bb5 a6 4.Ba4 Nf6 5.O-O Be7 6.Re1 b5 7.Bb3 O-O 8.c3 d5
9.exd5 Nxd5 10.Nxe5 Nxe5 11.Rxe5 c6 12.d4 Bd6 13.Re2 Bg4 14.f3 Bh5 15.Qf1 Bg6
16.Qf2 Qf6 17.g3 Bd3 18.Re1 Qg6 19.Nd2 f5 20.f4 Kh8 21.Nf3 Be4 22.Ne5 Bxe5
23.dxe5 h6 24.Bc2 Bxc2 25.Qxc2 Qe6 26.Bd2 g5 27.Rf1 g4 28.b3 Rac8 29.c4 Ne7
30.Rad1 c5 31.Be3 Rc6 32.Rf2 Nc8 33.Rfd2 Rf7 34.Qd3 bxc4 35.bxc4 Kg7 36.Qd5 Nb6
37.Qxe6 Rxe6 38.Bxc5 Nxc4 39.Rc2 Na5 40.Bd6 Nb7 41.Rc6 Nxd6 42.exd6 Kf6 43.Rxa6 Rd7
44.Kf2 Re4 45.a4 Rb4 46.Rd2 Ke6 47.Re2+ Kf6 48.Ra2 Kg6 49.a5 Kh5 50.Rc6 Re4
51.Rc5 Rxd6 52.Rxf5+ Kg6 53.Re5  1-0

[Event "Dortmund-A"]
[Site "Dortmund"]
[Date "1991.??.??"]
[Round "7"]
[White "Nunn, John DM"]
[Black "Razuvaev, Yuri S"]
[Result "1-0"]
[WhiteElo "2600"]
[BlackElo "2585"]

1.e4 e5 2.Nf3 Nc6 3.Bb5 a6 4.Ba4 Nf6 5.O-O Be7 6.Re1 b5 7.Bb3 d6 8.c3 O-O
9.h3 Bb7 10.d4 Re8 11.Nbd2 Bf8 12.a4 h6 13.Bc2 exd4 14.cxd4 Nb4 15.Bb1 g6
16.Ra3 Bg7 17.Nh2 c5 18.d5 c4 19.Ndf1 Nd3 20.Bxd3 b4 21.Ra1 cxd3 22.Ng3 Rc8
23.Qxd3 Bxd5 24.Bxh6 Bxh6 25.exd5 Qa5 26.Ng4 Nxg4 27.hxg4 Bg7 28.Qb3 Re5
29.Rxe5 Bxe5 30.Ne4 Qc7 31.Re1 a5 32.g5 Kg7 33.g3 Rh8 34.Nd2 Qc5 35.Ne4 Qc8
36.Qf3 Qf5 37.Re3 Rc8 38.b3 Rc1+ 39.Kg2 Qd7 40.Nf6 Qc8 41.Ng4 Qh8 42.Nh6 Rc7
43.Qe2 Qc8 44.Ng4 Rc2 45.Qf3 Bd4 46.Re4 Bb2 47.Nf6 Qf5 48.Rf4 Qe5 49.Rh4  1-0

[Event "Dortmund-A"]
[Site "Dortmund"]
[Date "1991.??.??"]
[Round "8"]
[White "Knaak, Rainer"]
[Black "Nunn, John DM"]
[Result "1-0"]
[WhiteElo "2515"]
[BlackElo "2600"]

1.d4 Nf6 2.c4 g6 3.Nc3 Bg7 4.e4 d6 5.h3 O-O 6.Be3 Nbd7 7.Nf3 e5 8.d5 Nc5
9.Nd2 a5 10.g4 Ne8 11.h4 Bd7 12.Qe2 c6 13.f3 f5 14.exf5 gxf5 15.gxf5 cxd5
16.cxd5 Bxf5 17.Nde4 b6 18.Qd2 Rc8 19.h5 Kh8 20.Ng3 Bd7 21.Be2 Bf6 22.O-O-O Ng7
23.Kb1 Nf5 24.Nxf5 Bxf5+ 25.Ka1 a4 26.Bxc5 Rxc5 27.Bd3 e4 28.fxe4 a3 29.Kb1 axb2
30.Na4 Ra5 31.Qb4 Bg4 32.Rdf1 Ra8 33.e5 Bxe5 34.Qxg4 Qc7 35.Qe4 Rfe8 36.Qb4 Ra5
37.Nxb2 Rxd5 38.Qb3 Rd4 39.Rf7  1-0

[Event "ENG-ch m"]
[Site "ENG"]
[Date "1991.??.??"]
[Round "1"]
[White "Nunn, John DM"]
[Black "Hodgson, Julian M"]
[Result "0-1"]
[WhiteElo "2610"]
[BlackElo "2570"]

1.e4 e5 2.Nf3 Nc6 3.Nc3 Nf6 4.Bb5 Bc5 5.O-O O-O 6.Nxe5 Nxe5 7.d4 Bd6 8.f4 Nc6
9.e5 Be7 10.d5 Nb4 11.exf6 Bxf6 12.a3 Bxc3 13.bxc3 Nxd5 14.Qxd5 c6 15.Qd3 cxb5
16.f5 f6 17.a4 bxa4 18.Rxa4 d5 19.Rh4 Re8 20.Qd1 Re5 21.Qh5 Qb6+ 22.Kh1 Bxf5
23.Bf4 Qf2 24.Qd1 Qxh4 25.Bxe5 fxe5 26.Rxf5 Qe4 27.Rf1 Rf8 28.Rxf8+ Kxf8
29.h3 Kg8 30.Qb1 b6 31.Qa2 a5 32.Qb3 h6 33.Qxb6 a4  0-1

[Event "Bundesliga 9091"]
[Site "Germany"]
[Date "1991.??.??"]
[Round "?"]
[White "Pieper Emden, Carsten"]
[Black "Nunn, John DM"]
[Result "0-1"]
[WhiteElo "2405"]
[BlackElo "2610"]

1.d4 Nf6 2.c4 g6 3.Nc3 Bg7 4.e4 d6 5.Nf3 O-O 6.Be3 Nbd7 7.h3 e5 8.dxe5 dxe5
9.Be2 c6 10.Qc2 Nh5 11.g3 Qe7 12.Nd2 Nc5 13.Bxh5 gxh5 14.Nb3 Ne6 15.O-O-O Qb4
16.Ne2 a5 17.a3 Qe7 18.Kb1 f5 19.f3 fxe4 20.fxe4 a4 21.Nd2 Nd4 22.Qd3 Be6
23.Nxd4 exd4 24.Bf4 b5 25.cxb5 cxb5 26.Rc1 Ra7 27.Qxb5 d3 28.Rc6 Rb7 29.Rb6 Rxb6
30.Qxb6 Rc8 31.Rc1 Ba2+ 32.Kxa2 Rxc1 33.Qb8+ Kf7 34.Qb6 Qe6+ 35.Qxe6+ Kxe6
36.Nf3 Rf1 37.Nd2 Rf2  0-1

[Event "Bundesliga 9091"]
[Site "Germany"]
[Date "1991.??.??"]
[Round "?"]
[White "Nunn, John DM"]
[Black "Neurohr, Stephan"]
[Result "1-0"]
[WhiteElo "2600"]
[BlackElo "2335"]

1.e4 c5 2.Nf3 d6 3.d4 cxd4 4.Nxd4 Nf6 5.Nc3 a6 6.Be3 e6 7.f3 b5 8.g4 h6 9.h4 b4
10.Nce2 e5 11.Nb3 d5 12.Ng3 d4 13.Bf2 Be6 14.Bd3 Nbd7 15.Qe2 a5 16.Rg1 a4
17.Nd2 Nc5 18.Bb5+ Nfd7 19.f4 exf4 20.Nf5 b3 21.Bxd4 bxc2 22.Nc4 Qb8 23.Rc1 f3
24.Qxf3 Bxc4 25.Bxc4 Qb4+ 26.Qc3 Nxe4 27.Nxg7+ Kd8 28.Qxb4 Bxb4+ 29.Ke2 Rc8
30.Rxc2 Rg8 31.Rd1 Nd6 32.Bd3 Rxc2+ 33.Bxc2 Kc7 34.Bxa4 Nc5 35.Bc2 Ne6 36.Nxe6+ fxe6
37.a3 Ba5 38.b4 Rxg4 39.bxa5 Rg2+ 40.Bf2  1-0

[Event "Bundesliga 9091"]
[Site "Germany"]
[Date "1991.??.??"]
[Round "?"]
[White "Nunn, John DM"]
[Black "Jansa, Vlastimil"]
[Result "1/2-1/2"]
[WhiteElo "2600"]
[BlackElo "2495"]

1.e4 c5 2.Nf3 d6 3.d4 cxd4 4.Nxd4 Nf6 5.Nc3 a6 6.Be3 e6 7.f3 Nc6 8.g4 h6
9.Qe2 Nxd4 10.Bxd4 e5 11.Bf2 Be6 12.O-O-O Rc8 13.Qd2 Be7 14.h4 Qc7 15.Bd3 d5
16.exd5 Nxd5 17.Nxd5 Bxd5 18.Bf5 Rd8 19.Qe3 O-O 20.Kb1 Qc6 21.Be4 Bxe4 22.Qxe4 Qxe4
23.fxe4 Rxd1+ 24.Rxd1 Rd8 25.Rxd8+ Bxd8 26.c4 h5 27.gxh5 Kh7 28.Be3 Bxh4
29.b4 g6  1/2-1/2

[Event "Bundesliga 9091"]
[Site "Germany"]
[Date "1991.??.??"]
[Round "?"]
[White "Nunn, John DM"]
[Black "Gschnitzer, Oswald"]
[Result "1-0"]
[WhiteElo "2610"]
[BlackElo "2440"]

1.e4 c5 2.Nf3 Nc6 3.d4 cxd4 4.Nxd4 Nf6 5.Nc3 d6 6.Bg5 e6 7.Qd2 Be7 8.O-O-O O-O
9.Nb3 Qb6 10.f3 Rd8 11.Kb1 Qc7 12.Bf4 a6 13.g4 Ne5 14.g5 Nfd7 15.Qg2 b5 16.h4 b4
17.Ne2 a5 18.h5 Nf8 19.Bc1 Bb7 20.f4 Ned7 21.Ng3 d5 22.Bd3 a4 23.Nd4 Bc5
24.Be3 Qb6 25.e5 b3 26.cxb3 axb3 27.a3 Ra4 28.Nge2 Kh8 29.g6 fxg6 30.hxg6 Rxd4
31.Rxh7+ Nxh7 32.Rh1 Nf8 33.Rxh7+ Kg8 34.Qh3 Nxg6 35.Bxg6 Rd1+ 36.Nc1  1-0

[Event "Bundesliga 9091"]
[Site "Germany"]
[Date "1991.??.??"]
[Round "?"]
[White "Lobron, Eric"]
[Black "Nunn, John DM"]
[Result "0-1"]
[WhiteElo "2545"]
[BlackElo "2600"]

1.c4 g6 2.g3 c6 3.Bg2 d5 4.Qa4 d4 5.Nf3 Bg7 6.d3 e5 7.O-O Ne7 8.Nbd2 O-O
9.b4 Nd7 10.Bb2 a5 11.a3 Ra6 12.Qc2 c5 13.b5 Rd6 14.Rae1 f5 15.e3 h6 16.exd4 exd4
17.h4 Bf6 18.Nh2 g5 19.hxg5 hxg5 20.f4 gxf4 21.gxf4 Bh4 22.Re2 Rh6 23.Rf3 Kh7
24.Bc1 Rg8 25.Rh3 Ng6 26.Ndf3 b6 27.Kf1 Nf6 28.Ne5 Nxe5 29.fxe5 f4 30.Rxh4 Rxh4
31.exf6 Qxf6 32.Rf2 Rg3 33.Be4+ Kg7 34.Qe2 Qg5 35.Ke1 Rg1+ 36.Nf1 Bh3 37.Bf3 Rh6
38.Be4 Qg3 39.Bxf4 Bxf1 40.Bxg3  0-1

[Event "Munich"]
[Site "Munich"]
[Date "1991.??.??"]
[Round "2"]
[White "Wahls, Matthias"]
[Black "Nunn, John DM"]
[Result "1-0"]
[WhiteElo "2560"]
[BlackElo "2600"]

1.e4 e5 2.Nf3 Nc6 3.Bb5 a6 4.Bxc6 dxc6 5.O-O Bd6 6.d4 exd4 7.Qxd4 f6 8.Be3 Ne7
9.Nbd2 Be6 10.Rfd1 O-O 11.Nc4 Bb4 12.a3 Qxd4 13.Nxd4 Bxc4 14.axb4 Rfd8 15.Bf4 Rac8
16.Nf3 Rxd1+ 17.Rxd1 Be6 18.Nd4 Bc4 19.f3 Kf8 20.Kf2 Ng6 21.Bg3 Ne5 22.f4 Ng4+
23.Kf3 Nh6 24.h3 f5 25.exf5 Bd5+ 26.Kf2 Be4 27.c3 Bxf5 28.Bh2 Kf7 29.Nf3 Re8
30.g4 Bc8 31.f5 g6 32.fxg6+ Kxg6 33.Bxc7 Nf7 34.Bf4 h5 35.Rg1 hxg4 36.hxg4 Re4
37.Nh4+ Kg7 38.Kf3 Re8 39.g5 Ne5+ 40.Bxe5+ Rxe5 41.Kf4 Re8 42.Nf3 Rf8+ 43.Ke4 Be6
44.Nd4 Bd5+ 45.Ke5 Kg6 46.Rg3 Rd8 47.Rg1 Rf8 48.Kd6 Rf2 49.b3 Rd2 50.Kc7 Rd3
51.Ne2 Rf3 52.Kxb7 Bxb3 53.Rc1 Kxg5 54.Nd4 Rf7+ 55.Kxa6 Bd5 56.Kb6 Rf6 57.Rg1+ Kh5
58.Kc5  1-0

[Event "Munich"]
[Site "Munich"]
[Date "1991.??.??"]
[Round "3"]
[White "Nunn, John DM"]
[Black "Gelfand, Boris"]
[Result "1-0"]
[WhiteElo "2600"]
[BlackElo "2700"]

1.e4 d6 2.d4 Nf6 3.Nc3 g6 4.Be3 c6 5.Qd2 b5 6.Bd3 Nbd7 7.Nf3 e5 8.dxe5 dxe5
9.h3 Bg7 10.a4 b4 11.Ne2 a5 12.c3 c5 13.cxb4 cxb4 14.O-O O-O 15.Rfd1 Bb7
16.Bb5 Qb8 17.Ng3 Rc8 18.Rac1 Rxc1 19.Rxc1 Nf8 20.Bc4 Ne6 21.Bxe6 fxe6 22.Ng5 Ra6
23.Rd1 h6 24.Qd8+ Qxd8 25.Rxd8+ Bf8 26.Rb8 hxg5 27.Rxb7 Rd6 28.Rb5 Rd1+ 29.Kh2 Rb1
30.Rxe5 Bd6 31.Rxe6 Bxg3+ 32.Kxg3 Kf7 33.Ra6 Nxe4+ 34.Kf3 Nf6 35.Bd4  1-0

[Event "Munich"]
[Site "Munich"]
[Date "1991.??.??"]
[Round "4"]
[White "Hort, Vlastimil"]
[Black "Nunn, John DM"]
[Result "1/2-1/2"]
[WhiteElo "2540"]
[BlackElo "2600"]

1.e4 e5 2.Nf3 Nc6 3.Bb5 a6 4.Bxc6 dxc6 5.O-O Bd6 6.d4 exd4 7.Qxd4 f6 8.Be3 Ne7
9.Nbd2 Be6 10.Rfd1 c5 11.Qc3 b6 12.Nc4 O-O 13.a4 Nc8 14.Bf4  1/2-1/2

[Event "Munich"]
[Site "Munich"]
[Date "1991.??.??"]
[Round "8"]
[White "Nunn, John DM"]
[Black "Polgar, Zsuzsa"]
[Result "1-0"]
[WhiteElo "2600"]
[BlackElo "2510"]

1.e4 c5 2.Nf3 Nc6 3.d4 cxd4 4.Nxd4 Nf6 5.Nc3 e5 6.Ndb5 d6 7.Bg5 a6 8.Na3 b5
9.Bxf6 gxf6 10.Nd5 f5 11.Bd3 Be6 12.O-O Bxd5 13.exd5 Ne7 14.Nxb5 Bg7 15.Nc3 e4
16.Bc4 Ng6 17.Qh5 Bxc3 18.bxc3 Qf6 19.f4 O-O 20.Bb3 Rfc8 21.g4 fxg4 22.Qxg4 Kh8
23.Kh1 a5 24.Rae1 Rg8 25.Rxe4 Nh4 26.Qh3 Nf5 27.Bc4 Rg6 28.Rg1 Rag8 29.Ree1 Rh6
30.Rxg8+ Kxg8 31.Qg4+ Rg6 32.Qf3 Nh4 33.Qf2 Kf8 34.Bd3 Rg4 35.Rf1 Ng6 36.Bxg6 hxg6
37.Qd4 Kg7 38.Rf3 Rh4 39.Kg2 Rh5 40.f5 Rh4 41.fxg6 Qxd4 42.cxd4 Kxg6 43.c3 f5
44.Re3 Kg5 45.Re6 Rg4+ 46.Kf3 Rh4 47.Rxd6 Rh3+ 48.Ke2 Rxc3 49.Re6 Rh3 50.d6 Rxh2+
51.Kd3 Rh8 52.d7 Rd8 53.Rd6 f4 54.Ke4 Kg4 55.Rg6+ Kh5 56.Rg7 Kh6 57.Re7 Kg6
58.d5 Kf6 59.d6 Kg5 60.a4  1-0

[Event "Munich"]
[Site "Munich"]
[Date "1991.??.??"]
[Round "9"]
[White "Beliavsky, Alexander G"]
[Black "Nunn, John DM"]
[Result "1/2-1/2"]
[WhiteElo "2640"]
[BlackElo "2600"]

1.e4 c5 2.Nf3 d6 3.d4 cxd4 4.Nxd4 Nf6 5.Nc3 a6 6.f4 e5 7.Nf3 Nbd7 8.a4 Be7
9.Bd3 O-O 10.O-O Nc5 11.Kh1 exf4 12.Bxf4 Bg4 13.Qd2 Bh5 14.Rae1 Re8 15.Bc4 Rc8
16.b3 Ne6 17.Bg3 Bg6 18.Nh4 Nxe4 19.Nxe4 Bxh4 20.Qxd6 Bxg3 21.Qxg3 Rc6 22.Ng5 Nxg5
23.Qxg5 Rc7 24.c3 Rce7 25.Rxe7 Qxe7 26.Qxe7 Rxe7 27.Kg1 Kf8 28.Kf2 Re5 29.Rd1 Be4
30.Rd7 Rf5+ 31.Kg1 Ke8 32.Rc7 h5 33.b4 h4 34.h3 Rg5 35.Bf1 f5 36.a5 Kd8 37.Rc5 Rg3
38.Kf2 Kd7 39.Rc4 Kd6 40.Rc8 g5 41.Rc5 Bd5 42.Rc8 Be4 43.Rc4 Bd5 44.Rc5 Be4  1/2-1/2

[Event "Munich"]
[Site "Munich"]
[Date "1991.??.??"]
[Round "12"]
[White "Nunn, John DM"]
[Black "Lobron, Eric"]
[Result "1-0"]
[WhiteElo "2600"]
[BlackElo "2545"]

1.e4 c5 2.Nf3 d6 3.d4 cxd4 4.Nxd4 Nf6 5.Nc3 Nc6 6.Bg5 e6 7.Qd2 a6 8.O-O-O h6
9.Be3 Nxd4 10.Bxd4 b5 11.f4 Bb7 12.Qe3 Qc7 13.Bb6 Qc6 14.Nd5 Rc8 15.Nxf6+ gxf6
16.Bd3 Rg8 17.g3 d5 18.Rhe1 Be7 19.Qf2 dxe4 20.Bxe4 Qxe4 21.Rxe4 Bxe4 22.c3 f5
23.Ba5 Bf8 24.Qa7 Bc6 25.Bb6 f6 26.Bc5  1-0

[Event "Sheffield op"]
[Site "Sheffield"]
[Date "1991.??.??"]
[Round "?"]
[White "Littlewood, John Eric"]
[Black "Nunn, John DM"]
[Result "0-1"]
[WhiteElo "2330"]
[BlackElo "2600"]

1.d4 Nf6 2.c4 g6 3.Nf3 Bg7 4.g3 O-O 5.Bg2 d6 6.O-O Nbd7 7.Qc2 e5 8.Rd1 Re8
9.dxe5 dxe5 10.e4 c6 11.h3 Qe7 12.Be3 Nf8 13.c5 Nh5 14.Nbd2 f5 15.exf5 gxf5
16.Re1 Ng6 17.Bg5 Qf8 18.Nh4 e4 19.Qd1 Nf6 20.Nc4 Nxh4 21.Bxh4 Qxc5 22.Rc1 Nd5
23.Qh5 Be6 24.a3 a5 25.Bg5 Qf8 26.Rc2 a4 27.g4 Bf7 28.Qh4 f4 29.Bxe4 h6 30.Rce2 f3
31.Bxf3 hxg5 32.Qxg5 Rxe2 33.Rxe2 Re8 34.Ne5 Be6 35.Be4 Nf4 36.Re3 Qf6 37.Qxf6 Bxf6
38.Ng6 Nxg6 39.Bxg6 Re7 40.Bc2 b5 41.Re2 Bd5  0-1

[Event "Vienna"]
[Site "Vienna"]
[Date "1991.??.??"]
[Round "1"]
[White "Nunn, John DM"]
[Black "Brestian, Egon"]
[Result "1-0"]
[WhiteElo "2610"]
[BlackElo "2475"]

1.e4 c5 2.Nf3 Nc6 3.d4 cxd4 4.Nxd4 e5 5.Nb5 d6 6.Bc4 a6 7.N5c3 Nf6 8.Bg5 Be7
9.Bxf6 Bxf6 10.O-O O-O 11.Bb3 Nd4 12.Nd5 Bg5 13.c3 Nxb3 14.Qxb3 Rb8 15.c4 Be6
16.Nbc3 Qa5 17.Qb6 Qxb6 18.Nxb6 f5 19.Rad1 Rbd8 20.Rfe1 g6 21.Rd3 Rf7 22.g3 Be7
23.b3 Kg7 24.Kg2 f4 25.Nbd5 Bf8 26.f3 g5 27.g4 h5 28.h3 Rb8 29.a4 b6 30.Red1 h4
31.Kf2 Rd7 32.Ke2 Kf7 33.Nb4 Ra8 34.Nbd5 Rb7 35.Kd2 Rc8 36.Ra1 Bxd5 37.Rxd5 a5
38.Rb5 Be7 39.Nd5 Bd8 40.Kc3 Rc5 41.Rb1 Rb8 42.b4 Rxb5 43.cxb5 Rc8+ 44.Kb2 axb4
45.Rc1 Rb8 46.Nxb4 Ra8 47.Kb3 Ke6 48.Nc6 Kd7 49.Ra1 Bc7 50.Rd1 Ke6 51.Nb4 Bd8
52.Rc1 Kd7 53.Rc6 Ke6 54.Nd3 Kd7 55.Nb2 Rb8 56.Nd1 Ra8 57.Nc3 Ke6 58.Kc4 Rb8
59.Kd3 Ra8 60.Kc2 Kd7 61.Rc4 Rb8 62.Nd5 Ra8 63.Kb3 Rb8 64.Kb4 Ra8 65.Rc6 Rb8
66.a5 bxa5+ 67.Ka4 Ra8 68.Rb6 Rc8 69.Rb7+ Ke6 70.b6 Rc1 71.Rh7 Ra1+ 72.Kb5 Rb1+
73.Kxa5 Bxb6+ 74.Nxb6 Kf6 75.Nd5+ Kg6 76.Rd7 Rb3 77.Rxd6+ Kh7 78.Nc7 Rxf3
79.Ne6 Re3 80.Nxg5+ Kg7 81.Re6 f3 82.Rxe5 f2 83.Rf5 Kg6 84.Ne6 Rxe4 85.Nf4+  1-0

[Event "Vienna"]
[Site "Vienna"]
[Date "1991.??.??"]
[Round "2"]
[White "Mokry, Karel"]
[Black "Nunn, John DM"]
[Result "1/2-1/2"]
[WhiteElo "2525"]
[BlackElo "2610"]

1.e4 e5 2.Nf3 Nc6 3.Bb5 a6 4.Ba4 Nf6 5.O-O Be7 6.Re1 b5 7.Bb3 O-O 8.a4 Bb7
9.d3 d6 10.Nc3 Na5 11.axb5 Nxb3 12.cxb3 axb5 13.Rxa8 Qxa8 14.Nxb5 Rb8 15.Qc2 Bxe4
16.dxe4 Rxb5 17.Qxc7 Kf8 18.Qc4 Rc5 19.Qa4  1/2-1/2